Statistics for Kiefer Sutherland Filmography

Click here to take the quiz!

General Stats

  • This quiz has been taken 88 times
    (5 since last reset)
  • The average score is 13 of 141

Answer Stats

TypeYearName% Correct
TV Show2001-201024
100%
Film1988Young Guns
100%
Film1986Stand by Me
75%
Film1990Young Guns II
75%
TV Show2016-2019Designated Survivor
50%
Film1990 | 2017Flatliners
50%
Film1996Freeway
50%
Film1987Promised Land
50%
Film1987The Lost Boys
50%
Film1993The Vanishing
50%
Film19881969
25%
TV Film200824: Redemption
25%
Film1998A Soldier's Sweetheart
25%
Film1986At Close Range
25%
Film1996A Time to Kill
25%
TV Film1986Brotherhood of Justice
25%
Film1998Dark City
25%
Film2002Desert Saints
25%
Film1996Eye for an Eye
25%
FilmTBAJuror #2
25%
Film2008Mirrors
25%
Film2003Phone Booth
25%
Web Series2023Rabbit Hole
25%
Film1989Renegades
25%
TV Show1991, 2014Saturday Night Live
25%
Film2004Taking Lives
25%
Film2023The Caine Mutiny Court-Martial
25%
Film1994The Cowboy Way
25%
Film2006The Sentinel
25%
TV Show2006, 2007, 2011The Simpsons
25%
Film1993The Three Musketeers
25%
Film2023They Cloned Tyrone
25%
Film2001To End All Wars
25%
Film1997Truth or Consequences, N.M.
25%
Film1992Twin Peaks: Fire Walk with Me
25%
Web Mini-Series200724: Day Six - Debrief
0%
Video Game200624: DVD Board Game
0%
TV Mini-Series201424: Live Another Day
0%
Video Game200624: The Game
0%
DocumentaryTBA25 Revolutions
0%
Film1992A Few Good Men
0%
Film1999After Alice
0%
TV Show1985Amazing Stories
0%
TV Show2008American Idol
0%
TV Show2006American Misfits
0%
Documentary2008An Unlikely Weapon
0%
Commercial2006Apple Computers
0%
Film1996Armitage III: Poly-Matrix
0%
Film1992Article 99
0%
Commercial2012Axe
0%
Commercial2011-2012Bank of America
0%
Film2000Beat
0%
Film2003Behind the Red Door
0%
TV Documentary2004Ben Johnson: Drugs and the Quest for Gold
0%
Short Film2009B.O.B.'s Big Break
0%
Film1998Break Up
0%
Film1988Bright Lights, Big City
0%
Director2008Broken
0%
Video Game2018Call of Duty: Black Ops 4
0%
Video Game2008Call of Duty: World at War
0%
Video Game2008Call of Duty: World at War - Final Fronts
0%
Film1990Chicago Joe and the Showgirl
0%
Commercial2005Citroen C4 Sedan
0%
Web Mini-Series2019Cooking with Kiefer
0%
TV Show2008Corner Gas
0%
Film2001Cowboy Up
0%
Film1987Crazy Moon
0%
Web Series2020Creepshow
0%
Film2002Dead Heat
0%
Documentary Series2003Doctors Without Borders
0%
Film2008Dragonlance: Dragons of Autumn Twilight
0%
TV Short1995Duke of Groove
0%
TV Show1995Fallen Angels
0%
TV Show2006Family Guy
0%
Film1990Flashback
0%
TV Film2005Flight 93: The Flight That Fought Back
0%
Commercial2007Ford
0%
Commercial2006, 2009Ford Fusion
0%
Film2015Forsaken
0%
Film1996Four Tales of Two Cities
0%
Documentary2017Free to Rock
0%
Film1998Ground Control
0%
Documentary2005Hope in Heaven
0%
Film1995Hourglass
0%
TV Documentary2006I Trust You to Kill Me
0%
Film2004Jiminy Glick in Lalawood
0%
Commercial2013Jose Cuervo
0%
Documentary Mini-Series2015Keeping Canada Alive
0%
TV Pilot2003L.A. Confidential
0%
TV Film1993Last Light
0%
Film2010Marmaduke
0%
Film1983Max Dugan Returns
0%
Commercial2003MCI
0%
Film2011Melancholia
0%
Video Game2014Metal Gear Solid V: Ground Zeroes
0%
Video Game2015Metal Gear Solid V: The Phantom Pain
0%
Commercial2003MGD
0%
Film2009Monsters vs. Aliens
0%
TV Short2009Monsters vs. Aliens: Mutant Pumpkins from Outer Space
0%
Documentary2017Names on the Cup
0%
Documentary2004NASCAR: The IMAX Experience
0%
Short Film2011Night of the Living Carrots
0%
Film2003Paradise Found
0%
Film2000Picking Up the Pieces
0%
TV Film2014Playhouse Presents: Marked
0%
Film2014Pompeii
0%
Concert Video2015Rammstein in Amerika
0%
TV Documentary2009Return to Mexico City
0%
Film2005River Queen
0%
Film1994Teresa's Tattoo
0%
Theater2011That Championship Season
0%
Documentary Mini-Series2016The American West
0%
Film1985The Bay Boy
0%
TV Mini-Series2011The Confession
0%
Film2022The Contractor
0%
TV Show2022The First Lady
0%
TV Show2020The Fugitive
0%
Theater1997The Glass Menagerie
0%
TV Show2018The Grand Tour
0%
Documentary2011The Healthcare Movie
0%
TV Show1999The Industry
0%
Film1987The Killing Time
0%
Film2003The Land Before Time X: The Great Longneck Migration
0%
Film1996The Last Days of Frankie the Fly
0%
Commercial2005The Los Angeles Mentoring Partnership
0%
TV Show2020The Loud House
0%
Film1990The Nutcracker Prince
0%
Film2012The Reluctant Fundamentalist
0%
Film2000The Right Temptation
0%
Film2006The Wild
0%
TV Show2015Top Gear
0%
TV Show2012-2013Touch
0%
TV Film1986Trapped in Silence
0%
Film2010Twelve
0%
Commercial2006Verizon Business
0%
TV Show1999Watership Down
0%
Music Video2003Way Out West
0%
Film2017Where Is Kyra?
0%
Film1999Woman Wanted
0%
Film2016Zoolander 2
0%

Score Distribution

Percentile by Number Answered

Percent of People with Each Score

Your Score History

You have not taken this quiz since the last reset